000 00444nam a22002057a 4500
003 UA-OsUOA
001 6965
007 ta
100 _aКремень Дмитро
090 _bК79
942 _cSA
040 _aUA-OsUOA
_bukr
_cUA-OsUOA
_dUA-OsUOA
245 _aУкраїнське бароко
_bПоезії
300 _aС.33-37
955 _a0
041 _aukr
044 _aUA
773 0 _w0
650 7 _aПоезія
_2UDC
999 _c293126
_d293126